| 000 | 00519nam a22001577a 4500 | ||
|---|---|---|---|
| 003 | NUST | ||
| 082 | _a200 | ||
| 100 |
_aSheheryar _9120040 |
||
| 245 |
_aTraffic Scheduling and Trajectory Optimization of RIS-assisted UAV-based IoT Network/ _cSheheryar |
||
| 264 |
_aIslamabad, _bSEECS NUST _c2023. |
||
| 300 |
_aill: _b69,p: _c30,cm. |
||
| 650 |
_aMS- Electrical Engineering _923567 |
||
| 700 |
_aSupervisor: Dr. Rizwan Ahmad _997238 |
||
| 856 | _uhttp://10.250.8.41:8080/xmlui/handle/123456789/37851 | ||
| 942 |
_2ddc _cSC |
||
| 999 |
_c607492 _d607492 |
||